[Event "9. Forchheimer Sparkassen Open 2010"]
[Site "Forchheim"]
[Date "2010.10.02"]
[Round "2.23"]
[White "Fuchs, Gerhard"]
[Black "Neuner, Johannes"]
[Result "0-1"]
[WhiteElo "2057"]
[BlackElo "1959"]
[PlyCount "82"]
[EventDate "2010.??.??"]
[WhiteTeam "SK Nürnberg 1911 e.V."]
[BlackTeam "SK Freiburg Zähringen 1887 e.V."]

1. e4 c6 2. Nc3 d5 3. Qf3 dxe4 4. Nxe4 Nf6 5. Bc4 Nbd7 6. d4 Nb6 7. Nxf6+ gxf6
8. Qb3 Nxc4 9. Qxc4 Rg8 10. g3 Bf5 11. Be3 Be4 12. f3 Bd5 13. Qc3 Qd7 14. Kf2
Qf5 15. Bf4 O-O-O 16. Ne2 Bg7 17. g4 Qg6 18. Ng3 e5 19. Nf5 Rge8 20. Rae1 exf4
21. Rxe8 Rxe8 22. Nd6+ Kd7 23. Nxe8 Kxe8 24. Re1+ Kd7 25. Qc5 Be6 26. Re4 f5
27. gxf5 Qxf5 28. Qxf5 Bxf5 29. Rxf4 Ke6 30. c4 Bf6 31. h4 Bd8 32. Ke3 Bc7 33.
d5+ Ke5 34. c5 cxd5 35. Ra4 a5 36. f4+ Ke6 37. Kf3 h5 38. Ra3 d4 39. Rb3 d3 40.
Rxb7 d2 41. Ke2 Bxf4 0-1

[Event "9. Forchheimer Sparkassen Open 2010"]
[Site "Forchheim"]
[Date "2010.10.02"]
[Round "2.24"]
[White "Ruff, Maximilian"]
[Black "Bielmeier, Ludwig"]
[Result "1/2-1/2"]
[WhiteElo "1981"]
[BlackElo "2157"]
[PlyCount "45"]
[EventDate "2010.??.??"]
[WhiteTeam "SC Brandeck-Turm Ohlsbach e.V."]
[BlackTeam "SV Deggendorf"]

1. e4 e5 2. Nf3 Qe7 3. Nc3 c6 4. Bc4 g6 5. O-O Bg7 6. Re1 Nf6 7. a4 d6 8. d4
O-O 9. dxe5 dxe5 10. Be3 h6 11. Qe2 Nbd7 12. Nd2 Nh5 13. f3 Nf4 14. Qf2 a5 15.
Nb3 Kh7 16. Nc5 Re8 17. Rad1 Nf8 18. Qd2 N8e6 19. Nxe6 Bxe6 20. Bxe6 Nxe6 21.
Qd7 Nd4 22. Qxe7 Rxe7 23. Rd2 1/2-1/2

[Event "9. Forchheimer Sparkassen Open 2010"]
[Site "Forchheim"]
[Date "2010.10.02"]
[Round "2.25"]
[White "Willim, Michael"]
[Black "Straschewski, Jörg"]
[Result "1-0"]
[WhiteElo "2134"]
[BlackElo "2041"]
[PlyCount "159"]
[EventDate "2010.??.??"]
[WhiteTeam "SC Erlangen 48/88"]
[BlackTeam "TSV Cadolzburg e.V."]

1. Nf3 Nf6 2. c4 g6 3. b4 Bg7 4. Bb2 O-O 5. g3 d6 6. Bg2 e5 7. O-O c6 8. d3 h6
9. a4 Bg4 10. h3 Be6 11. Kh2 Nbd7 12. b5 a6 13. bxc6 bxc6 14. Ba3 Qc7 15. Qc2
Rab8 16. Nc3 Rb7 17. Nd2 Rfb8 18. Rab1 Ne8 19. Na2 Rxb1 20. Rxb1 Rxb1 21. Qxb1
d5 22. Qb3 e4 23. dxe4 dxc4 24. Qc2 Nd6 25. Nb4 c3 26. Nb1 Nc4 27. Bc1 Qb6 28.
Nd3 Nc5 29. Nxc3 Qb3 30. Qxb3 Nxb3 31. Na2 Nd4 32. e3 Ne2 33. Nab4 Nxc1 34.
Nxc1 a5 35. Nxc6 Bd7 36. e5 Nxe5 37. Nxa5 Bxa4 38. Bd5 h5 39. f4 Nd7 40. Nb7
Nb6 41. Ba2 Bc6 42. Nd6 Bd5 43. e4 Bxa2 44. Nxa2 Bf8 45. Ne8 Nd7 46. Kg2 f6 47.
Kf3 Kf7 48. Nc7 Ba3 49. Nc3 Bb4 50. N7d5 Ba3 51. Ke3 Bc5+ 52. Kd3 Bf2 53. g4
hxg4 54. hxg4 Bg1 55. Ne3 Bh2 56. Ng2 Bg1 57. Kc4 g5 58. Kd5 gxf4 59. Nxf4 Ne5
60. Nh3 Bh2 61. Nf2 Bg3 62. Ncd1 Ke7 63. Kd4 Ke6 64. Ke3 Bh4 65. Kf4 Ng6+ 66.
Kf3 Ne5+ 67. Kg2 Bg5 68. Kg3 Bd2 69. Nb2 Be1 70. Nbd1 Bd2 71. Kh4 Nf3+ 72. Kg3
Ne5 73. Kh3 Nf3 74. Nb2 Ke5 75. Kg3 Bc3 76. Nbd1 Ba5 77. Kxf3 Bb6 78. Ne3 Ba7
79. Nd3+ Kd4 80. Nb4 1-0

[Event "9. Forchheimer Sparkassen Open 2010"]
[Site "Forchheim"]
[Date "2010.10.02"]
[Round "2.26"]
[White "Kuhmann, Peter"]
[Black "Riedel, Lutz"]
[Result "1/2-1/2"]
[WhiteElo "1934"]
[BlackElo "2139"]
[PlyCount "97"]
[EventDate "2010.??.??"]
[WhiteTeam "TSV Kirchehrenbach"]
[BlackTeam "SK Krumbach"]

1. c4 c5 2. Nf3 Nc6 3. e3 g6 4. d4 d6 5. d5 Ne5 6. Nxe5 dxe5 7. Bd3 Nf6 8. Nc3
Bg7 9. O-O O-O 10. Qc2 Bd7 11. a3 a6 12. Bd2 Qc7 13. e4 Nh5 14. Ne2 f5 15. b4
fxe4 16. Bxe4 cxb4 17. axb4 Rac8 18. Rac1 Nf6 19. Ng3 Nxe4 20. Nxe4 Bf5 21. Qd3
Rcd8 22. Qe3 e6 23. Rfe1 exd5 24. cxd5 Qf7 25. Nc3 e4 26. Qb6 Be5 27. Bh6 Rfe8
28. d6 Rd7 29. b5 Qf6 30. bxa6 bxa6 31. Qxa6 Qh4 32. Be3 Qxh2+ 33. Kf1 Qh1+ 34.
Ke2 Qxg2 35. Red1 Qf3+ 36. Ke1 Qh1+ 37. Kd2 Qh2 38. Qc4+ Be6 39. Nd5 Bxd5 40.
Qxd5+ Kf8 41. Rc7 Rxc7 42. dxc7 Bxc7 43. Bc5+ Re7 44. Bxe7+ Kxe7 45. Qg5+ Kd7
46. Qg4+ Kc6 47. Qe6+ Bd6 48. Qc4+ Kd7 49. Qf7+ 1/2-1/2

[Event "9. Forchheimer Sparkassen Open 2010"]
[Site "Forchheim"]
[Date "2010.10.02"]
[Round "2.27"]
[White "Barnickel, Josef"]
[Black "Nigmatulin, Anatoly"]
[Result "1-0"]
[WhiteElo "2048"]
[BlackElo "1981"]
[PlyCount "105"]
[EventDate "2010.??.??"]
[WhiteTeam "SF Windheim e.V."]
[BlackTeam "SC 1868 Bamberg"]

1. d4 Nf6 2. c4 g6 3. g3 Bg7 4. Bg2 O-O 5. Nf3 d6 6. O-O Nc6 7. b3 a6 8. Bb2
Rb8 9. Nbd2 Nd7 10. e3 b5 11. cxb5 axb5 12. Ne1 Na5 13. Qc2 b4 14. Nd3 Ba6 15.
Rfc1 Bxd3 16. Qxd3 c5 17. Rc2 Qb6 18. Rac1 Qa7 19. Bh3 Rfd8 20. Qe4 Nf6 21. Qf3
Nb7 22. d5 Ra8 23. e4 Nd7 24. Bxg7 Kxg7 25. Qe3 Qb8 26. f4 f6 27. Rf1 Ra6 28.
Qf2 Qa7 29. Nc4 Nb6 30. Ne3 Ra8 31. Ra1 Na5 32. Rd1 Nb7 33. Rdd2 Nd8 34. Qf3
Nd7 35. Bf1 Rb6 36. Rf2 Nf7 37. Kh1 Rb7 38. h4 Qb8 39. Rh2 h6 40. Bh3 Nf8 41.
Rcf2 Rba7 42. Nc4 Nd7 43. Bf1 Nb6 44. Ne3 Ra5 45. Bd3 R8a7 46. h5 g5 47. fxg5
hxg5 48. h6+ Kh8 49. Ng4 Nd7 50. e5 Ndxe5 51. Qf5 Nxd3 52. Nxf6 Nxf2+ 53. Rxf2
1-0

[Event "9. Forchheimer Sparkassen Open 2010"]
[Site "Forchheim"]
[Date "2010.10.02"]
[Round "2.28"]
[White "Meulner, Klaus"]
[Black "Auburger, Philipp"]
[Result "1-0"]
[WhiteElo "2188"]
[BlackElo "1936"]
[PlyCount "167"]
[EventDate "2010.??.??"]
[WhiteTeam "SW Nürnberg Süd e.V."]
[BlackTeam "SC Forchheim e.V."]

1. d4 Nf6 2. c4 g6 3. Nc3 d5 4. Nf3 Bg7 5. Bf4 O-O 6. Rc1 c5 7. dxc5 dxc4 8.
Qxd8 Rxd8 9. e4 Na6 10. c6 bxc6 11. Bxc4 Nc5 12. e5 Nd5 13. Bg5 h6 14. Bh4 g5
15. Bg3 Nb6 16. Be2 Nd3+ 17. Bxd3 Rxd3 18. O-O f5 19. exf6 Bxf6 20. Rfd1 Bf5
21. Rxd3 Bxd3 22. Rd1 Bc4 23. Ne5 Bxe5 24. Bxe5 Nd5 25. Rd4 Nxc3 26. Rxc4 Rd8
27. h3 Nxa2 28. Rxc6 Rd5 29. f4 gxf4 30. Bxf4 Nb4 31. Rc7 h5 32. Rxe7 Nd3 33.
Bh6 Nxb2 34. Rg7+ Kh8 35. Rxa7 Nd3 36. Bd2 Rf5 37. Bc3+ Kg8 38. Rg7+ Kf8 39.
Rg3 Nf4 40. Kh2 Kf7 41. Rf3 Kg6 42. Bd2 Ne2 43. Re3 Nd4 44. Rg3+ Kf7 45. Rd3
Ne6 46. Kg3 Nc5 47. Rd4 Nb3 48. Rd7+ Ke6 49. Rd3 Nxd2 50. Rxd2 Kf6 51. Rd6+ Kg7
52. Rd4 Kg6 53. Rf4 Ra5 54. Kh4 Ra2 55. Kg3 Ra3+ 56. Rf3 Ra4 57. Rb3 Ra5 58.
Rb6+ Kg5 59. h4+ Kf5 60. Kh3 Kf4 61. Rg6 Rf5 62. Rg3 Ke4 63. Ra3 Rb5 64. g4
hxg4+ 65. Kxg4 Ke5 66. Kg5 Ke6+ 67. Kg6 Rb4 68. Re3+ Kd5 69. h5 Rg4+ 70. Kf5
Rh4 71. Kg5 Rh1 72. Rg3 Ke6 73. Kg6 Ke7 74. h6 Kf8 75. h7 Rh2 76. Rg5 Rh1 77.
Rf5+ Ke7 78. Rh5 Rg1+ 79. Kf5 Rf1+ 80. Kg4 Rg1+ 81. Kf3 Rf1+ 82. Kg2 Rf8 83.
h8=Q Rxh8 84. Rxh8 1-0

[Event "9. Forchheimer Sparkassen Open 2010"]
[Site "Forchheim"]
[Date "2010.10.02"]
[Round "2.29"]
[White "Schäfers, Andreas"]
[Black "Feldheim, Jonas"]
[Result "0-1"]
[WhiteElo "2022"]
[BlackElo "1900"]
[PlyCount "102"]
[EventDate "2010.??.??"]
[WhiteTeam "Schachvereinigung Lüdenscheid e."]
[BlackTeam "SC Ansbach 1855 e.V."]

1. d4 d5 2. c4 e6 3. Nc3 c5 4. cxd5 exd5 5. Nf3 Nc6 6. g3 Nf6 7. Bg2 Be7 8. O-O
O-O 9. dxc5 Bxc5 10. Bg5 d4 11. Bxf6 Qxf6 12. Ne4 Qe7 13. Nxc5 Qxc5 14. Rc1 Qb6
15. Qd2 Re8 16. Ng5 Bf5 17. Bd5 Bg6 18. Nh3 Be4 19. Nf4 Rad8 20. Bxe4 Rxe4 21.
a3 a5 22. Rc2 d3 23. exd3 Nd4 24. Qc3 Rxf4 25. gxf4 Nxc2 26. Qxc2 Qg6+ 27. Kh1
Qxd3 28. Qxd3 Rxd3 29. Rc1 g6 30. Kg2 Rb3 31. Rc2 Kg7 32. f3 Kf6 33. Re2 Rb6
34. Kg3 Re6 35. Rc2 Re3 36. Kf2 Rb3 37. Re2 Kf5 38. Kg3 f6 39. h4 a4 40. Rc2
Ke6 41. Rd2 b5 42. Kf2 b4 43. axb4 Rxb4 44. Ke3 Rb3+ 45. Kf2 Kf5 46. Kg3 Rb4
47. Rd5+ Ke6 48. Rd2 f5 49. Re2+ Kd5 50. h5 Kc4 51. hxg6 hxg6 0-1

[Event "9. Forchheimer Sparkassen Open 2010"]
[Site "Forchheim"]
[Date "2010.10.02"]
[Round "2.30"]
[White "Ott, Florian"]
[Black "Osmanovic, Faruk"]
[Result "0-1"]
[WhiteElo "1849"]
[BlackElo "2118"]
[PlyCount "96"]
[EventDate "2010.??.??"]
[WhiteTeam "SG Siemens Amberg"]
[BlackTeam "SC Blau.Turm Bad Wimpfen"]

1. d4 Nf6 2. Nf3 e6 3. Bf4 b6 4. e3 Bb7 5. Nbd2 Be7 6. h3 c5 7. c3 O-O 8. Bd3
d5 9. O-O Nbd7 10. Ne5 Ne4 11. f3 Nxe5 12. dxe5 Nxd2 13. Qxd2 c4 14. Bc2 Qc7
15. Qe1 Kh8 16. g4 b5 17. g5 g6 18. h4 Kg7 19. Rf2 Rh8 20. Rh2 Rag8 21. Rh3 Bc5
22. Kf2 Kf8 23. Qh1 Ke7 24. h5 Qb8 25. Rg1 Rf8 26. Rg2 Rhg8 27. Ke2 a5 28. Bg3
b4 29. hxg6 hxg6 30. Qb1 Rh8 31. Rgh2 Rxh3 32. Rxh3 Rh8 33. Qh1 Rxh3 34. Qxh3
Qg8 35. Be1 Ba6 36. Bb1 Bb5 37. Qh4 Ba4 38. Bd2 Qg7 39. f4 Qg8 40. Qh3 Kd7 41.
e4 d4 42. cxd4 Bxd4 43. b3 Bb5 44. Kd1 Qc8 45. Qh7 c3 46. Qxf7+ Kc6 47. Be1 Be3
48. Qe7 Bc5 0-1

[Event "9. Forchheimer Sparkassen Open 2010"]
[Site "Forchheim"]
[Date "2010.10.02"]
[Round "2.31"]
[White "Baskin, Robert"]
[Black "Barthelmann, Benno"]
[Result "0-1"]
[WhiteElo "1870"]
[BlackElo "2101"]
[PlyCount "96"]
[EventDate "2010.??.??"]
[WhiteTeam "SAbt TuS Makkabi Ffm"]
[BlackTeam "SF Ravensburg"]

1. e4 e6 2. d4 d5 3. Nc3 Bb4 4. Nge2 b6 5. a3 Bf8 6. Ng3 c6 7. Bd3 Ba6 8. O-O
h5 9. Re1 h4 10. Nf1 dxe4 11. Bxe4 Nf6 12. Bf3 Be7 13. Bg5 Nd5 14. Bxe7 Kxe7
15. Nxd5+ cxd5 16. Ne3 Kf8 17. c4 h3 18. g3 Bb7 19. cxd5 exd5 20. Qb3 Na6 21.
Bxd5 Bxd5 22. Qxd5 Qxd5 23. Nxd5 Rd8 24. Rac1 g6 25. Re5 Kg7 26. Rd1 Rd7 27.
Nc3 Rhd8 28. d5 Nc7 29. Kf1 f6 30. Re4 b5 31. Red4 a5 32. d6 Ne6 33. Rd5 b4 34.
Nb5 Ng5 35. Nd4 Kf7 36. Nc6 Re8 37. Rxa5 Nf3 38. Ra7 Nxh2+ 39. Kg1 Nf3+ 40. Kh1
Ke6 41. Nd4+ Nxd4 42. Re1+ Kf5 43. Ra5+ Re5 44. axb4 Rxd6 45. Rexe5+ fxe5 46.
Ra3 g5 47. Re3 g4 48. b3 Nf3 0-1

[Event "9. Forchheimer Sparkassen Open 2010"]
[Site "Forchheim"]
[Date "2010.10.02"]
[Round "2.32"]
[White "Weigert, Wilhelm"]
[Black "Bader, Dominic"]
[Result "0-1"]
[WhiteElo "2024"]
[BlackElo "2127"]
[PlyCount "66"]
[EventDate "2010.??.??"]
[WhiteTeam "SK Kelheim 1920"]
[BlackTeam "SC 1947 Beilngries"]

1. c4 d5 2. cxd5 Nf6 3. Nc3 Nxd5 4. g3 g6 5. Bg2 Nb6 6. Nf3 Bg7 7. d3 Nc6 8.
Be3 O-O 9. Qc1 Nb4 10. O-O c6 11. Bh6 N4d5 12. Bxg7 Kxg7 13. e4 Nf6 14. d4 Bg4
15. Rd1 Qc8 16. b3 h6 17. Rd2 Qe6 18. Ne5 Bh3 19. Bh1 Rfd8 20. Nd3 Qc8 21. Nf4
Be6 22. Qa3 g5 23. Nxe6+ Qxe6 24. Rad1 a5 25. Qb2 a4 26. e5 Nfd5 27. Ne4 a3 28.
Qc2 Nb4 29. Nc5 Nxc2 30. Nxe6+ fxe6 31. Rxc2 Ra5 32. Rcd2 Nd5 33. Be4 Nc3 0-1

[Event "9. Forchheimer Sparkassen Open 2010"]
[Site "Forchheim"]
[Date "2010.10.02"]
[Round "2.33"]
[White "Werner, Thomas"]
[Black "Becker, Tobias"]
[Result "1-0"]
[WhiteElo "2004"]
[BlackElo "1859"]
[PlyCount "103"]
[EventDate "2010.??.??"]
[WhiteTeam "SW Nürnberg Süd e.V."]
[BlackTeam "Kronacher SK 1882 e.V."]

1. d4 Nf6 2. c4 g6 3. Nc3 Bg7 4. e4 d6 5. Nf3 O-O 6. Be2 e5 7. O-O Nc6 8. d5
Ne7 9. b4 Nh5 10. Re1 f5 11. Ng5 Nf6 12. Bf3 h6 13. Ne6 Bxe6 14. dxe6 Nc6 15.
exf5 gxf5 16. b5 Nd4 17. Bxb7 Ng4 18. Be3 Nxe6 19. Qd5 Kf7 20. Bxa8 Qxa8 21.
Rad1 Nxe3 22. Qxa8 Rxa8 23. fxe3 Kg6 24. Nd5 e4 25. Rf1 Re8 26. Nxc7 Nxc7 27.
Rxd6+ Re6 28. Rd7 Be5 29. a4 Bd6 30. Rd1 Ne8 31. Kf2 Bc5 32. R7d5 Bb6 33. c5
Bc7 34. Rd7 Re5 35. Rc1 Kg5 36. g3 Kf6 37. Ke2 Kg5 38. a5 Bxa5 39. Rxa7 Bb4 40.
Ra8 Bxc5 41. Rxe8 Rxe8 42. Rxc5 Rb8 43. h3 Kf6 44. Kd2 h5 45. Kc3 Ke6 46. Kc4
Kf6 47. Rc6+ Ke5 48. Rh6 Rc8+ 49. Kb4 Rg8 50. b6 Rxg3 51. Rxh5 Rxe3 52. b7 1-0

[Event "9. Forchheimer Sparkassen Open 2010"]
[Site "Forchheim"]
[Date "2010.10.02"]
[Round "2.34"]
[White "Egert, Stefan"]
[Black "Sha, Siyu"]
[Result "0-1"]
[WhiteElo "2018"]
[BlackElo "1918"]
[PlyCount "90"]
[EventDate "2010.??.??"]
[WhiteTeam "TSV Dietfurt/Altm. e.V."]
[BlackTeam "SC Noris-Tarrasch Nürnberg 1873"]

1. e4 c5 2. Nc3 Nc6 3. d3 g6 4. f4 Bg7 5. Nf3 d6 6. g3 e6 7. Bg2 Nge7 8. O-O
O-O 9. Be3 Nd4 10. Qd2 Rb8 11. Nd1 b5 12. c3 Nxf3+ 13. Bxf3 b4 14. e5 Nf5 15.
Bf2 h5 16. Ne3 bxc3 17. bxc3 Nxe3 18. Bxe3 Qc7 19. Qf2 Rb5 20. Rab1 Ra5 21. d4
cxd4 22. cxd4 d5 23. Rfc1 Qd7 24. h3 Ba6 25. Rc5 Qa4 26. Rb2 Bc4 27. g4 hxg4
28. hxg4 Re8 29. f5 Rxc5 30. dxc5 Bxe5 31. fxg6 fxg6 32. Bd4 Bxd4 33. Qxd4 Qa5
34. Qf6 Qxc5+ 35. Kh1 Bd3 36. Rh2 Qc1+ 37. Kg2 Qd2+ 38. Kg3 Qe1+ 39. Kf4 Qc1+
40. Kg3 Qe1+ 41. Kf4 Qc1+ 42. Kg3 Qc7+ 43. Kg2 Qg7 44. Qf4 Rc8 45. Rh6 g5 0-1

[Event "9. Forchheimer Sparkassen Open 2010"]
[Site "Forchheim"]
[Date "2010.10.02"]
[Round "2.35"]
[White "Xiong, Ferdinand"]
[Black "Wohlfahrt, Frank"]
[Result "1/2-1/2"]
[WhiteElo "1912"]
[BlackElo "2023"]
[PlyCount "69"]
[EventDate "2010.??.??"]
[WhiteTeam "Schach-Club Vaterstetten"]
[BlackTeam "SGem Siemens Erlangen e.V."]

1. e4 c5 2. Nf3 Nc6 3. d4 cxd4 4. Nxd4 Nf6 5. Nc3 d6 6. Be2 e5 7. Nb3 Be7 8.
O-O O-O 9. Be3 a6 10. f4 b5 11. a3 Re8 12. f5 Bb7 13. g4 b4 14. Nd5 Nxd5 15.
exd5 Na5 16. Nd2 Bxd5 17. axb4 Nb7 18. Nc4 Bc6 19. Nb6 Bg5 20. Bf2 Rb8 21. Rxa6
h5 22. h3 hxg4 23. hxg4 Be4 24. Bb5 Be3 25. Bd3 Bc6 26. f6 Qxf6 27. Nd5 Qh4 28.
Be4 Qg3+ 29. Bg2 Bxd5 30. Qxd5 Nd8 31. Qe4 Bxf2+ 32. Rxf2 d5 33. Qxd5 Rxb4 34.
Ra8 Rd4 35. Qf3 1/2-1/2

[Event "9. Forchheimer Sparkassen Open 2010"]
[Site "Forchheim"]
[Date "2010.10.02"]
[Round "3.1"]
[White "Seyb, Alexander"]
[Black "Walter, Thomas"]
[Result "1/2-1/2"]
[WhiteElo "2294"]
[BlackElo "2109"]
[PlyCount "67"]
[EventDate "2010.??.??"]
[WhiteTeam "SC Forchheim e.V."]
[BlackTeam "SC Erlangen 48/88"]

1. e4 {[%emt 0:00:00]} e6 {[%emt 0:00:00]} 2. d4 {[%emt 0:00:02]} c5 {
[%emt 0:00:00]} 3. Nf3 {[%emt 0:00:03]} cxd4 {[%emt 0:00:03]} 4. Nxd4 {
[%emt 0:00:03]} Nf6 {[%emt 0:00:01]} 5. Nc3 {[%emt 0:00:02]} Bb4 {
[%emt 0:00:03]} 6. e5 {[%emt 0:00:03]} Nd5 {[%emt 0:00:02]} 7. Bd2 {
[%emt 0:00:01]} Bxc3 {[%emt 0:00:04]} 8. bxc3 {[%emt 0:00:02]} Qc7 {
[%emt 0:00:02]} 9. f4 {[%emt 0:00:52]} a6 {[%emt 0:00:22]} 10. Qg4 {
[%emt 0:00:03]} O-O {[%emt 0:00:03]} 11. Bd3 {[%emt 0:00:03]} f5 {
[%emt 0:00:04]} 12. exf6 {[%emt 0:00:01]} Rxf6 {[%emt 0:00:04]} 13. O-O {
[%emt 0:00:03]} Nc6 {[%emt 0:00:02]} 14. Rae1 {[%emt 0:00:04]} b5 {
[%emt 0:00:02]} 15. Nf3 {[%emt 0:00:02]} Bb7 {[%emt 0:00:02]} 16. Ng5 {
[%emt 0:00:05]} Rh6 {[%emt 0:00:01]} 17. Nxh7 {[%emt 0:00:04]} Rxh7 {
[%emt 0:00:04]} 18. Bxh7+ {[%emt 0:00:02]} Kxh7 {[%emt 0:00:01]} 19. f5 {
[%emt 0:00:05]} Ne5 {[%emt 0:00:04]} 20. Qh5+ {[%emt 0:00:03]} Kg8 {
[%emt 0:00:00]} 21. fxe6 {[%emt 0:00:01]} d6 {[%emt 0:00:01]} 22. Qg5 {
[%emt 0:00:04]} Re8 {[%emt 0:00:03]} 23. Rxe5 {[%emt 0:00:03]} dxe5 {
[%emt 0:00:03]} 24. Rf7 {[%emt 0:00:02]} Qxf7 {[%emt 0:00:03]} 25. exf7+ {
[%emt 0:00:01]} Kxf7 {[%emt 0:00:01]} 26. Qh5+ {[%emt 0:00:02]} Kf8 {
[%emt 0:00:02]} 27. Qh8+ {[%emt 0:00:03]} Kf7 {[%emt 0:00:02]} 28. Qh5+ {
[%emt 0:00:03]} Kf8 {[%emt 0:00:10]} 29. Bc1 {[%emt 0:00:00]} Nf6 {
[%emt 0:00:03]} 30. Qh4 {[%emt 0:00:01]} e4 {[%emt 0:00:02]} 31. Bg5 {
[%emt 0:00:03]} Nd5 {[%emt 0:00:02]} 32. Qh8+ {[%emt 0:00:02]} Kf7 {
[%emt 0:00:01]} 33. Qh5+ {[%emt 0:00:02]} Kf8 {[%emt 0:00:01]} 34. Qh8+ {
[%emt 0:00:01]} 1/2-1/2

[Event "9. Forchheimer Sparkassen Open 2010"]
[Site "Forchheim"]
[Date "2010.10.02"]
[Round "3.2"]
[White "Hirneise, Jens"]
[Black "Kempe, Frank"]
[Result "1-0"]
[WhiteElo "2298"]
[BlackElo "2073"]
[PlyCount "67"]
[EventDate "2010.??.??"]
[WhiteTeam "SF Deizisau"]
[BlackTeam "Südlohner Schachverein 1956 e.V."]

1. e4 {[%emt 0:00:00]} c5 {[%emt 0:00:01]} 2. Nf3 {[%emt 0:00:03]} Nc6 {
[%emt 0:00:02]} 3. d4 {[%emt 0:00:18]} cxd4 {[%emt 0:00:01]} 4. Nxd4 {
[%emt 0:00:02]} Nf6 {[%emt 0:00:02]} 5. Nc3 {[%emt 0:00:02]} e5 {[%emt 0:00:02]
} 6. Ndb5 {[%emt 0:00:01]} d6 {[%emt 0:00:03]} 7. Bg5 {[%emt 0:00:02]} a6 {
[%emt 0:00:02]} 8. Na3 {[%emt 0:00:01]} b5 {[%emt 0:00:02]} 9. Nd5 {
[%emt 0:00:02]} Be7 {[%emt 0:00:03]} 10. Bxf6 {[%emt 0:00:24]} Bxf6 {
[%emt 0:00:01]} 11. c4 {[%emt 0:00:02]} b4 {[%emt 0:00:01]} 12. Nc2 {
[%emt 0:00:02]} a5 {[%emt 0:00:01]} 13. Be2 {[%emt 0:00:02]} Be6 {
[%emt 0:00:02]} 14. Nxf6+ {[%emt 0:00:03]} gxf6 {[%emt 0:00:04]} 15. Qd3 {
[%emt 0:00:02]} Ra7 {[%emt 0:00:02]} 16. Rd1 {[%emt 0:00:03]} Rd7 {
[%emt 0:00:02]} 17. Qg3 {[%emt 0:00:03]} Kf8 {[%emt 0:00:03]} 18. O-O {
[%emt 0:00:03]} Rg8 {[%emt 0:00:03]} 19. Qe3 {[%emt 0:00:05]} f5 {
[%emt 0:00:03]} 20. Qh6+ {[%emt 0:00:02]} Ke8 {[%emt 0:00:02]} 21. f4 {
[%emt 0:00:03]} Rg6 {[%emt 0:00:02]} 22. Qh3 {[%emt 0:00:04]} Qf6 {
[%emt 0:00:04]} 23. Qe3 {[%emt 0:00:03]} Ne7 {[%emt 0:00:02]} 24. c5 {
[%emt 0:00:02]} d5 {[%emt 0:00:01]} 25. fxe5 {[%emt 0:00:04]} Qg7 {
[%emt 0:00:03]} 26. g3 {[%emt 0:00:02]} fxe4 {[%emt 0:00:07]} 27. Bb5 {
[%emt 0:00:03]} Nf5 {[%emt 0:00:03]} 28. Rxf5 {[%emt 0:00:03]} Bxf5 {
[%emt 0:00:01]} 29. Rxd5 {[%emt 0:00:03]} Ke7 {[%emt 0:00:03]} 30. Nd4 {
[%emt 0:00:06]} Bh3 {[%emt 0:00:05]} 31. Bxd7 {[%emt 0:00:07]} Bxd7 {
[%emt 0:00:03]} 32. c6 {[%emt 0:00:02]} Bh3 {[%emt 0:00:03]} 33. c7 {
[%emt 0:00:02]} Bd7 {[%emt 0:00:02]} 34. Nf5+ {[%emt 0:00:01]} 1-0

[Event "9. Forchheimer Sparkassen Open 2010"]
[Site "Forchheim"]
[Date "2010.10.02"]
[Round "3.3"]
[White "Steppuhn, Thomas"]
[Black "Golda, Harald"]
[Result "0-1"]
[WhiteElo "2025"]
[BlackElo "2315"]
[PlyCount "120"]
[EventDate "2010.??.??"]
[WhiteTeam "SC Bavaria Regensb.1881"]
[BlackTeam "Schachklub Schweinfurt 2000 e.V."]

1. d4 {[%emt 0:00:00]} Nf6 {[%emt 0:00:01]} 2. Nf3 {[%emt 0:00:02]} e6 {
[%emt 0:00:01]} 3. e3 {[%emt 0:00:03]} b6 {[%emt 0:00:02]} 4. Bd3 {
[%emt 0:00:03]} Bb7 {[%emt 0:00:00]} 5. Nbd2 {[%emt 0:00:00]} Be7 {
[%emt 0:00:04]} 6. O-O {[%emt 0:00:03]} O-O {[%emt 0:00:02]} 7. Qe2 {
[%emt 0:00:03]} c5 {[%emt 0:00:01]} 8. c3 {[%emt 0:00:15]} d6 {[%emt 0:00:02]}
9. Re1 {[%emt 0:00:03]} Nbd7 {[%emt 0:00:02]} 10. e4 {[%emt 0:00:03]} cxd4 {
[%emt 0:00:03]} 11. cxd4 {[%emt 0:00:02]} Rc8 {[%emt 0:00:01]} 12. e5 {
[%emt 0:00:03]} dxe5 {[%emt 0:00:02]} 13. dxe5 {[%emt 0:00:02]} Ng4 {
[%emt 0:00:01]} 14. Be4 {[%emt 0:00:03]} Bxe4 {[%emt 0:00:03]} 15. Qxe4 {
[%emt 0:00:02]} h5 {[%emt 0:00:02]} 16. Nb3 {[%emt 0:00:00]} Nc5 {
[%emt 0:00:01]} 17. Nxc5 {[%emt 0:00:01]} Bxc5 {[%emt 0:00:03]} 18. Ng5 {
[%emt 0:00:04]} g6 {[%emt 0:00:01]} 19. Nh3 {[%emt 0:00:06]} Qd4 {
[%emt 0:00:03]} 20. Qe2 {[%emt 0:00:03]} Rfd8 {[%emt 0:00:03]} 21. Bf4 {
[%emt 0:00:08]} Nxf2 {[%emt 0:00:02]} 22. Qxf2 {[%emt 0:00:05]} Qxb2 {
[%emt 0:00:05]} 23. Be3 {[%emt 0:00:05]} Rd2 {[%emt 0:00:01]} 24. Bxc5 {
[%emt 0:00:05]} Rxc5 {[%emt 0:00:03]} 25. Qg3 {[%emt 0:00:04]} Rcc2 {
[%emt 0:00:02]} 26. Nf4 {[%emt 0:00:17]} Qd4+ {[%emt 0:00:03]} 27. Kh1 {
[%emt 0:00:05]} Qf2 {[%emt 0:00:01]} 28. Qg5 {[%emt 0:00:18]} Rxa2 {
[%emt 0:00:04]} 29. Rg1 {[%emt 0:00:03]} Rxa1 {[%emt 0:00:02]} 30. Rxa1 {
[%emt 0:00:02]} Qd4 {[%emt 0:00:02]} 31. Rg1 {[%emt 0:00:02]} Rd1 {
[%emt 0:00:02]} 32. Nh3 {[%emt 0:00:04]} a5 {[%emt 0:00:03]} 33. Rxd1 {
[%emt 0:00:03]} Qxd1+ {[%emt 0:00:01]} 34. Ng1 {[%emt 0:00:02]} a4 {
[%emt 0:00:03]} 35. Qe3 {[%emt 0:00:05]} b5 {[%emt 0:00:03]} 36. h3 {
[%emt 0:00:02]} b4 {[%emt 0:00:02]} 37. Kh2 {[%emt 0:00:02]} b3 {[%emt 0:00:02]
} 38. Ne2 {[%emt 0:00:02]} b2 {[%emt 0:00:02]} 39. Nc3 {[%emt 0:00:02]} b1=Q {
[%emt 0:00:05]} 40. Nxb1 {[%emt 0:00:02]} Qxb1 {[%emt 0:00:06]} 41. Qd4 {
[%emt 0:00:09]} Qf5 {[%emt 0:00:03]} 42. Qxa4 {[%emt 0:00:03]} Qxe5+ {
[%emt 0:00:02]} 43. Kg1 {[%emt 0:00:02]} Qc3 {[%emt 0:00:04]} 44. Qe4 {
[%emt 0:00:06]} Kg7 {[%emt 0:00:01]} 45. Kf2 {[%emt 0:00:03]} e5 {
[%emt 0:00:02]} 46. Ke2 {[%emt 0:00:02]} Qb2+ {[%emt 0:00:02]} 47. Kf3 {
[%emt 0:00:02]} Qd4 {[%emt 0:00:03]} 48. Qxd4 {[%emt 0:00:04]} exd4 {
[%emt 0:00:01]} 49. Ke4 {[%emt 0:00:01]} Kf6 {[%emt 0:00:04]} 50. Kxd4 {
[%emt 0:00:02]} Kf5 {[%emt 0:00:01]} 51. Ke3 {[%emt 0:00:01]} Ke5 {
[%emt 0:00:02]} 52. Kf3 {[%emt 0:00:03]} g5 {[%emt 0:00:01]} 53. g3 {
[%emt 0:00:02]} Kd4 {[%emt 0:00:10]} 54. h4 {[%emt 0:00:06]} gxh4 {
[%emt 0:00:01]} 55. gxh4 {[%emt 0:00:01]} Ke5 {[%emt 0:00:02]} 56. Ke3 {
[%emt 0:00:02]} Kf5 {[%emt 0:00:02]} 57. Kf3 {[%emt 0:00:01]} f6 {
[%emt 0:00:01]} 58. Kg3 {[%emt 0:00:03]} Ke4 {[%emt 0:00:01]} 59. Kg2 {
[%emt 0:00:02]} Kf4 {[%emt 0:00:01]} 60. Kh3 {[%emt 0:00:02]} Kf3 {
[%emt 0:00:01]} 0-1